Top 10 Exporting US States - Statistics

General Stats
  • This quiz has been taken 71 times
  • The average score is 8 of 10
Answer Stats
value in US dollars % State % Correct
165.4 11.3 California
100%
80.1 5.5 New York
97%
251.1 17.1 Texas
97%
53.8 3.7 Florida
95%
63.4 4.3 Illinois
87%
39.4 2.7 Pennsylvania
85%
86.4 5.9 Washington
84%
53.2 3.6 Michigan
74%
50.7 3.5 Ohio
72%
49.2 3.4 Louisiana
51%
No matching quizzes found
Score Distribution
Percent of People with Each Score
Percentile by Number Answered
Your Score History
You have not taken this quiz